Vista normal
Vista MARC
Entrada Topical Term
Número de registros utilizados en: 1
001 - CONTROL NUMBER
- control field: 8695
003 - CONTROL NUMBER IDENTIFIER
- control field: OSt
005 - DATE AND TIME OF LATEST TRANSACTION
- control field: 20200812182654.0
008 - FIXED-LENGTH DATA ELEMENTS
- fixed length control field: 200812|| aca||aabn | a|a d
040 ## - CATALOGING SOURCE
- Original cataloging agency: OSt
- Transcribing agency: OSt
150 ## - HEADING--TOPICAL TERM
- Topical term or geographic name entry element: Acción de tutela -- Colombia Derecho a la salud -- Colombia Tutela Legislación sobre salud pública -- Colombia--
670 ## - SOURCE DATA FOUND
- Source citation: Work cat.: (OSt)3817: Mejía Villegas, Darío, autor 8694, La tutela y el derecho a la salud período 2003-2004 / , 2007